000 00264nam a22000977a 4500
999 _c11372
_d11372
008 190402b ||||| |||| 00| 0 eng d
020 _a9788177000313
100 _aArora Sumita
_97110
245 _aInformation Practices-XI
260 _aNew Delhi
_bDhanpat Rai & Co
_c2013